Statistiken für Ballon d'Or 2008

Klicken Sie hier um das Quiz zu spielen!

Allgemein

  • Dieses Quiz wurde 152 mal gespielt
  • Das Durchschnittsergebnis liegt bei 22 aus 30

Antwortstatistiken

PlatzSpielerVerein/eNationPunkte% Korrekt
2.Lionel MessiFC BarcelonaArgentinien281
100%
1.Cristiano RonaldoManchester UnitedPortugal446
99%
5.XaviFC BarcelonaSpanien97
94%
3.Fernando TorresFC LiverpoolSpanien179
91%
8.Zlatan IbrahimovicInter MailandSchweden30
91%
16.Franck RibéryFC Bayern MünchenFrankreich7
89%
21.Didier DrogbaFC ChelseaElfenbeinküste3
87%
17.Samuel Eto'oFC BarcelonaKamerun6
87%
9.KakáAC MailandBrasilien29
83%
15.Frank LampardFC ChelseaEngland8
82%
4.Iker CasillasReal MadridSpanien133
80%
19.Michael BallackFC ChelseaDeutschland4
80%
13.Wayne RooneyManchester UnitedEngland11
80%
18.Gianluigi BuffonJuventus TurinItalien5
79%
10.Steven GerrardFC LiverpoolEngland28
79%
19.Cesc FàbregasFC ArsenalSpanien4
76%
7.David VillaFC ValenciaSpanien55
75%
21.Nemanja VidicManchester UnitedSerbien3
75%
21.Sergio RamosReal MadridSpanien3
75%
26.Luca ToniFC Bayern MünchenItalien0
71%
24.Ruud van NistelrooyReal MadridNiederlande2
70%
26.Rafael van der VaartHamburger SV/Real MadridNiederlande0
67%
14.Sergio AgüeroAtletico MadridArgentinien10
63%
6.Andrey ArshavinZenit St. PetersburgRussland64
62%
26.Karim BenzemaOlympique LyonFrankreich0
62%
26.PepeReal MadridPortugal0
56%
12.Emmanuel AdebayorFC ArsenalTogo12
51%
24.Edwin van der SarManchester UnitedNiederlande2
44%
11.Marcos SennaFC VillarealSpanien16
8%
26.Yuri ZhirkovZSKA MoskauRussland0
8%

Verteilung der Resultate

Perzentil nach korrekt beantworteten Fragen

Anzahl Personen mit jedem Resultat

Ihre Resultats-Entwicklung

Sie haben dieses Quiz noch nicht gespielt